Ange ou Démon ? - Statistiques

Statistiques générales
  • Ce quiz a été pris 271 fois
  • Le résultat moyen est 16 sur 20
Statistiques - réponses
Hint Réponse % Correct
Diable Démon
95%
Satan Démon
93%
Joséphine Ange
92%
Gabriel Ange
92%
Raphaël Ange
91%
Michel Ange
90%
Sheitan Démon
90%
Archange Ange
88%
Lucifer Démon
87%
Belzébuth Démon
85%
Succube Démon
83%
Séraphin Ange
79%
Uriel Ange
77%
Incube Démon
76%
Chérubin Ange
75%
Méphistophélès Démon
68%
Lilith Démon
68%
Asmodée Démon
51%
Samaël Démon
44%
Métatron Ange
35%
Aucun quiz correspondant
Distribution des résultats
% des personnes avec chaque résultat
Percentile par nombre de réponses
Votre historique - résultats
Vous n’avez pas pris ce quiz